000 00405nam a2200157Ia 4500
008 230312s9999||||xx |||||||||||||| ||und||
020 _a81-56367-780-9
082 _a792.026
_bSEI-H
100 _aSeidler;Douglas.R
245 0 _aHand Drawing for Designers
260 _bFairchild Books
_aUSA
_c2010
300 _a286
546 _aEng.
650 _aArchitecture
_vHand Drawing for Designers
942 _cBK
999 _c8242
_d8242